00433nam a2200157Ia 45000010006000000050017000060080041000230410008000640820016000721000038000882450089001262600009002153000035002246500008002596540008002671522720260306165012.0260306t2015||||xx |||||||||||||| ||spa|| aESP a530.15bS21 aSan Martín Moreno, JesúseAUT 0aMétodos matemáticos:bampliación de matemáticas para ciencias e ingeniería c2015 axviii, 618 páginas :c24 cm. aGEN aCCN